000 00490nam a2200169Ia 4500
008 240729s9999 xx 000 0 und d
022 _a2217-9860
245 0 _aJournal of Graphic Engineering and Design
260 _aSerbia
260 _bUniversity of Novi Sad
650 _a Mechanical drawing. Engineering graphics
650 _a Technology (General)
650 _aTechnology
856 _uhttps://doaj.org/toc/71471907e8fe48cf8e522214494811fe
942 _2ddc
942 _cDOAJEJ
999 _c67227
_d67227
945 _a1
_bMadushi Gamage
_c1
_dMadushi Gamage